=LDR 00000nam 2200000 4500 =001 NUTBA000000000000214 =990 ##$$a 21100704 =005 20210204101809 =990 ##$$a 21100706 =035 ##$$a 0010-031400000000213 =008 210204################g##########0#ind## =020 ##$$a 978-979-27-5414-8 =082 ##$$a 028.5 =100 1#$$a Wiratmoko =245 1#$$a Seri Tokoh Matematika /$c Y.P.B. Wiratmoko =260 ##$$a Jakarta :$b Elex Media Komputindo,$c 2009 =300 ##$$a 104 hlm ; $c 22 x 14 cm =700 #$$a Y.P.B. Wiratmoko =850 ##$$a NBPNMAT =084 ##$$a 028.5 WIR s =250 ##$$a cet.1 =650 #4$$a Tokoh matematika =990 ##$$a 21100705 =990 ##$$a 21100706